Starts with 'Pi' Quiz Stats

 Plays Quiz Updated Oct 31, 2018

Also try: Digits of Pi
Challenge
Share
Tweet
Embed
Score 0/30 Timer 06:00
4 Plays Today
Clue 'Pi' Word % Correct
A person who flies a planepilot
99.4%
An outside luncheon on a blanket picnic
96.2%
Place for your head in bedpillow
91%
Cucumber preserved in brine and vinegarpickle
88.7%
Flatbread with cheese, sauce and toppingspizza
87.5%
City famous for its leaning towerPisa
87.1%
Cubist artist PabloPicasso
84.8%
Instrument played by Billy Joelpiano
82.4%
James Bond portrayer BrosnanPierce
80.6%
To ride on someone's shoulderspiggyback
78.4%
Any of the voyagers on the Mayflowerpilgrim
77.5%
Pocket breadpita
76.6%
A 1940 Disney movie with Jiminy CricketPinocchio
76.3%
An urban birdpigeon
76.1%
A brigand, buccaneer or marauderpirate
73.8%
Clue 'Pi' Word % Correct
An initial colonist or settlerpioneer
73%
Creature similar to a fairy or spritepixie
71.9%
A dangerous carnivorous fishpiranha
71.4%
A type of woodwind instrumentpiccolo
71.2%
The Pokémon that Ash ownspikachu
69.7%
Arcade game where you avoid tiltingpinball
68.8%
Gland inside the brainpituitary
64.9%
Tool held in 'American Gothic' or by the devilpitchfork
64.8%
A spinning ballet movepirouette
63.2%
The capital of South DakotaPierre
58.7%
A public open square usually in Italypiazza
58.2%
A tube for sucking up liquid in a labpipette
53.8%
A seasoned rice dish from Persiapilaf
40.4%
A card game with meldingpinochle
25.1%
A bullfighter with a horse and lancepicador
17.5%

You're not logged in!

Compare scores with friends on all Sporcle quizzes.
OR
Log In

You Might Also Like...

Show Comments

Extras

Top Quizzes Today


Score Distribution

Your Account Isn't Verified!

In order to create a playlist on Sporcle, you need to verify the email address you used during registration. Go to your Sporcle Settings to finish the process.

Report this User

Report this user for behavior that violates our Community Guidelines.

Details: